Every Country by Clue - Statistics

General Stats
  • This quiz has been taken 3,406 times
  • The average score is 101 of 196
Answers on the Map
Answers color-coded by a green-red scale on the quiz's map according to % correct below.
 
Answer Stats
Hint Answerr % Correct
This is the largest landlocked country in the world Kazakhstan
89%
The Basque region is part of the country Spain
88%
This country's capital is Tallinn Estonia
85%
This country controls Kaliningrad Russia
84%
The most polluted city in the world is located in this country India
83%
This country is the Holy Land for Christianity, Islam, and Judaism Israel
83%
This is the last country Alphabetically Zimbabwe
82%
The capital of this country is Kabul Afghanistan
80%
Mozart was born here Austria
80%
Monaco borders this country France
80%
This country contains the city of St Louis United States
80%
Smallest nation in the world Vatican City
80%
Largest Economy in Europe Germany
79%
Country home to Transylvania Romania
79%
The Hanging Gardens of Babylon were supposedly built in this country Iraq
78%
This country's capital is Beirut Lebanon
78%
The Republic of China Taiwan
78%
This country is home to the ancient site of Angkor Wat Cambodia
77%
This country claims Western Sahara Morocco
77%
Usain Bolt was born here Jamaica
76%
This country's capital is Tripoli Libya
76%
Country starting with "R" then a consonant Rwanda
76%
K-Pop is very popular in this country South Korea
76%
Caucasus country bordering neither the Black or Caspian Seas Armenia
75%
This country made Ethiopia Landlocked in 1991 Eritrea
75%
Also a U.S State Georgia
75%
Newest country in Europe Kosovo
75%
Formerly Burma Myanmar
75%
Someone from this country is called a Nigerien Niger
75%
This is the only english speaking country in Central America Belize
74%
This country is the only place where you can find Lemurs Madagascar
74%
The only Central American country not bordering the Atlantic El Salvador
73%
The Gulf of Riga borders this country Latvia
73%
The Namib desert is mostly located in this country Namibia
73%
This is the least densely populated country in Asia Mongolia
72%
Czechoslovakia split into Slovakia and this nation Czech Republic
71%
An African archipelago of 115 islands Seychelles
71%
This country owns the Island of Zanzibar Tanzania
71%
This is the largest country in Africa by area Algeria
70%
This country currently owns the island of Okinawa Japan
70%
This Country borders Belgium, Germany, and France Luxembourg
70%
This is the most populous Spanish speaking country Mexico
70%
Country bordering Romania and Macedonia Serbia
70%
This country takes up the majority of Hispaniola Dominican Republic
69%
Gdansk is located in this country Poland
69%
The capital of this country is across the Congo river from Kinsasha Republic of the Congo
69%
This country has the Westernmost point on Mainland Africa Senegal
69%
The capital of this country borders two other nations, Austria and Hungary Slovakia
69%
This country has the most lakes in the world Canada
68%
The westernmost country in Europe Iceland
68%
Russia and this nation use the Ruble Belarus
67%
The capital is Georgetown Guyana
67%
Home to the ancient ruins of Machu Picchu Peru
67%
This country is where the White and Blue Nile meet Sudan
67%
The ancient city of Carthage was located here Tunisia
67%
The only connection with this country and the mainland is the King Fahd causeway Bahrain
66%
This country is home to Dubrovnik Croatia
66%
Petra is located here Jordan
66%
This island nation is located south of Italy Malta
66%
This country only borders Romania and Ukraine Moldova
66%
This is the Newest Country in the World South Sudan
66%
England, Scotland, Wales, and Northern Ireland United Kingdom
66%
This country is home to the Terracotta Army China
65%
This country is almost entirely surrounded by Senegal Gambia
65%
May precede Bissau Guinea
65%
Timbuktu is located in this country Mali
63%
Liechtenstein and this Country are the only European Nations that use the Franc Switzerland
62%
The capital of this country borders the Caspian Sea Azerbaijan
61%
The only Asian Absolute Monarchy outside the Middle East Brunei
61%
The Petronas Towers are located in this country Malaysia
61%
This country is home to the Ganges delta Bangladesh
60%
Arch Duke Ferdinand was assasinated here Bosnia and Herzegovina
60%
Only border with North America is in this country Colombia
60%
This micro-nation is one of the world's oldest republics San Marino
60%
This country owns the Cape of Good Hope South Africa
60%
This country is 11km from Venezuela Trinidad and Tobago
60%
This is the largest country that speaks Portuguese Brazil
59%
Formerly known as Zaire Democratic Republic of the Congo
59%
Country home to the region of Macedonia Greece
59%
This European country shares an island with the United Kingdom Ireland
59%
Iraq invaded this country in 1990 Kuwait
59%
Country home to Zeeland Netherlands
59%
In 1979 this country voted against joining Micronesia Palau
59%
The smallest country to border Lake Victoria Uganda
59%
This is the fourth most populous country in the world Indonesia
58%
Only one syllable country in Asia Laos
58%
This African country's capital is named after a U.S President Liberia
58%
This is the only southeast Asian country that was never colonized by Europe Thailand
57%
This country was split into north and south until 1975 Vietnam
57%
Columbus "discovered" this country on December 4, 1492 Haiti
56%
This country fought the Football War against El Salvador Honduras
56%
This is a formerly British city-state Singapore
56%
Only South American country with the U.S dollar as it's official currency Ecuador
55%
This is the only Spanish speaking country in Africa Equatorial Guinea
55%
This country has more languages spoken than any other in the world Papua New Guinea
55%
Will host the 2022 World Cup Qatar
55%
This country's national language is Catalan Andorra
54%
This European country is sometimes said to have more islands than any other Finland
54%
The only enclave in Africa Lesotho
54%
Country that means black mountain Montenegro
54%
The mouth of the Indus river is located in this country Pakistan
53%
Formerly called Dutch Guiana Suriname
53%
Doubly landlocked Asian country Uzbekistan
53%
Bruges is located in this Country Belgium
52%
Dodo Birds used to live here Mauritius
52%
This country owns the Eastern half of Tierra del Fuego Argentina
51%
Where the bay of pigs invasion happened Cuba
51%
First country to leave the USSR Lithuania
51%
Third Smallest country in the World Nauru
51%
Nollywood is centered here Nigeria
50%
This country is mainly composed of two islands in the Gulf of Guinea Sao Tome and Principe
50%
Least populous country in North America St Kitts and Nevis
50%
Rich Coast Costa Rica
49%
The capital of this country is Nouakchott Mauritania
49%
This country is made up of two main islands, Tutuila and Savai'i Samoa
49%
This country has two capitals starting with "L" and "S" Bolivia
48%
The Makkah Royal Clock Tower Hotel was built here Saudi Arabia
48%
The capital of this country is Lome Togo
48%
The capital of this country is Libreville Gabon
46%
Azeris are located in Azerbaijan and this country Iran
46%
Landlocked African country with a major lake named after it Chad
45%
The currency is the Quetzal Guatemala
45%
Two nations are enclaves of this country Italy
44%
Most Oil dependant European Country Norway
44%
This country's capital is Castries St Lucia
44%
This country use to be part of the U.A.R along with Egypt Syria
44%
The Majority of the Kalahari desert is located in this Country Botswana
43%
This is where the source of the Blue Nile is Ethiopia
43%
Buda Castle is located in this country Hungary
43%
This country borders the Sea of Azov along with Russia Ukraine
43%
The majority of the Zambezi river flows through this country Zambia
43%
The capital is Bangui Central African Republic
42%
The main island is Tongatapu Tonga
42%
Osh is a city on the silk road in this country Kyrgyzstan
41%
One of the official languages of this country is Sinhala Sri Lanka
41%
This country is on the Northern part of the Rio de la Plata Uruguay
41%
Mount Hillaby is the highest mountain on this Caribbean country Barbados
40%
This country's capital is Moroni Comoros
40%
This country's largest island is Zealand Denmark
40%
Formerly called Upper Volta Burkina Faso
39%
FYROM Macedonia
39%
The country has the lowest average elevation Maldives
39%
Country on the southern coast of the Gulf of Aden Somalia
39%
The city of Aden is located in this country Yemen
39%
This country's capital is Majuro Marshall Islands
38%
The only Absolute Monarchy in Africa Swaziland
38%
Home to Lake Maracaibo Venezuela
38%
The Skytower, the tallest structure in the Southern Hemisphere, is here New Zealand
36%
This country surrounds the Sea of Marmara Turkey
36%
This country is just north of Guadeloupe Antigua and Barbuda
35%
This country is home to the Simpson Desert Australia
35%
This mainland country used to be a major Portuguese Territory on the Indian Ocean Mozambique
35%
This country's capital has the same name as the country Djibouti
33%
The official languages of this country are French and Kirundi Burundi
32%
This country is know for the palm islands United Arab Emirates
32%
This country uses the lev Bulgaria
31%
30% of this island country is Hindu Fiji
30%
Country home to lake Bled Slovenia
29%
This country owns the Exclave of Cabinda Angola
28%
The largest city is Douala Cameroon
28%
This country became independent in 2002 East Timor
28%
Three diamonds make a V-shape on this country's flag St Vincent and the Grenadines
28%
Country on the west coast of the Gulf of Bothnia Sweden
28%
This country's flag contains the Union Jack and nine gold stars Tuvalu
28%
The birthplace of the Voodoo Religion Benin
26%
Lake Nyasa is also called Lake _______ Malawi
26%
This country is made up of Four Island States Federated States of Micronesia
25%
This caribbean country's main export is Nutmeg Grenada
25%
Last time they fought a war they came back with an extra soldier Liechtenstein
25%
Country with the shortest coastline Monaco
25%
The U.S owned part of this country until December 31, 1999 Panama
25%
This country won the War of the Pacific Chile
24%
This country has a lesser known Mt Olympus Cyprus
24%
The Statue of Liberty was originally proposed to this country Egypt
24%
Country home to Lake Volta Ghana
24%
This is the world's only remaining Necrocracy North Korea
24%
This American country's capital is on a river with the same name as the country Paraguay
24%
The majority of the Douro River is located in this country Portugal
24%
Guadalcanal is located here Solomon Islands
24%
Country that comes from the word white in Latin Albania
22%
This country was last in the world to receive television Bhutan
22%
A 7.8 magnitude earthquake struck this country in April 2015 Nepal
22%
Ometepe is an island in a lake with the same name as the country Nicaragua
22%
This country is on the southern coast of Lake Turkana Kenya
20%
This country is home to the Darvaza Crater Turkmenistan
19%
New Providence is the largest island in this country Bahamas
17%
Three settlements here are London, Paris, and Poland Kiribati
17%
Lowest Life-Expectancy in the World Sierra Leone
15%
This country owns the exclave of Madha Oman
14%
This country owns the Visayas Philippines
14%
This country's largest island is Santiago Cape Verde
12%
This country declared independence on September 27th 1973 Guinea-Bissau
12%
Home to Espiritu Santo Vanuatu
11%
St Paul's cathedral is located here Côte d'Ivoire
9%
This country is home to Morne Trois Pitons National Park Dominica
9%
This country is home to the Fann mountains Tajikistan
9%
No matching quizzes found
Score Distribution
Percent of People with Each Score
Percentile by Number Answered
Your Score History
You have not taken this quiz